Security of tenure: the way forward (Record no. 70904)

MARC details
000 -LEADER
fixed length control field 01814cam a2200385 4500
008 - FIXED-LENGTH DATA ELEMENTS--GENERAL INFORMATION
fixed length control field 020806n2002 000 0 eng u
035 ## - SYSTEM CONTROL NUMBER
System control number (Sirsi) u119218
100 ## - MAIN ENTRY--PERSONAL NAME
Personal name Dymond, A
245 ## - TITLE STATEMENT
Title Security of tenure: the way forward
260 ## - PUBLICATION, DISTRIBUTION, ETC.
Date of publication, distribution, etc. 2002
490 ## - SERIES STATEMENT
Series statement Solicitors' Journal
Volume/sequential designation 146 (26) 5 July 2002, 616-617 (2)
520 ## - SUMMARY, ETC.
Summary, etc. Analyses the Law Commission's consultation paper "Renting homes 1: status and security" [available at www.lawcom.gov.uk/library/lib-comp.htm#libcp162]. The paper proposes a radical revision of security of tenure in residential accommodation and may be seen as a first step towards a code of housing law using a consumer approach with the tenancy agreement as the key document between tenants and landlords. Proposals include: tenants' status no longer depending on their landlords' identitity; replacing current forms of tenancy with two landlord-neutral types of agreement - types I and II; recovery of possession where the tenant has abandoned the property; measures to combat anti-social behaviour.
590 ## - LOCAL NOTE (RLIN)
Local note ABS
650 ## - SUBJECT ADDED ENTRY--TOPICAL TERM
Topical term or geographic name entry element HOUSING LAW
650 ## - SUBJECT ADDED ENTRY--TOPICAL TERM
Topical term or geographic name entry element LAW COMMISSION
650 ## - SUBJECT ADDED ENTRY--TOPICAL TERM
Topical term or geographic name entry element TENANCY AGREEMENTS
650 ## - SUBJECT ADDED ENTRY--TOPICAL TERM
Topical term or geographic name entry element RESIDENTIAL ACCOMMODATION
650 ## - SUBJECT ADDED ENTRY--TOPICAL TERM
Topical term or geographic name entry element REGISTERED SOCIAL LANDLORDS
650 ## - SUBJECT ADDED ENTRY--TOPICAL TERM
Topical term or geographic name entry element POPLAR HOUSING & REGENERATION COMMUNITY ASSOCIATION LTD V DONOGHUE
650 ## - SUBJECT ADDED ENTRY--TOPICAL TERM
Topical term or geographic name entry element HOUSING ACT 1985
650 ## - SUBJECT ADDED ENTRY--TOPICAL TERM
Topical term or geographic name entry element HOUSING ACT 1988
650 ## - SUBJECT ADDED ENTRY--TOPICAL TERM
Topical term or geographic name entry element HOUSING ACT 1996
650 ## - SUBJECT ADDED ENTRY--TOPICAL TERM
Topical term or geographic name entry element SECURITY OF TENURE
650 ## - SUBJECT ADDED ENTRY--TOPICAL TERM
Topical term or geographic name entry element RENT ACT 1977
650 ## - SUBJECT ADDED ENTRY--TOPICAL TERM
Topical term or geographic name entry element TENANTS
650 ## - SUBJECT ADDED ENTRY--TOPICAL TERM
Topical term or geographic name entry element LANDLORDS
650 ## - SUBJECT ADDED ENTRY--TOPICAL TERM
Topical term or geographic name entry element WANDSWORTH LBC V ATTWELL
650 ## - SUBJECT ADDED ENTRY--TOPICAL TERM
Topical term or geographic name entry element ABANDONMENT
650 ## - SUBJECT ADDED ENTRY--TOPICAL TERM
Topical term or geographic name entry element TYPE I AGREEMENTS
650 ## - SUBJECT ADDED ENTRY--TOPICAL TERM
Topical term or geographic name entry element TYPE II AGREEMENTS
650 ## - SUBJECT ADDED ENTRY--TOPICAL TERM
Topical term or geographic name entry element ANTI-SOCIAL BEHAVIOUR
650 ## - SUBJECT ADDED ENTRY--TOPICAL TERM
Topical term or geographic name entry element UNFAIR TERMS IN CONSUMER CONTRACTS REGULATIONS 1994
690 ## - LOCAL SUBJECT ADDED ENTRY--TOPICAL TERM (OCLC, RLIN)
Topical term or geographic name as entry element HOUSING
942 ## - ADDED ENTRY ELEMENTS (KOHA)
Suppress in OPAC 0
Holdings
Withdrawn status Lost status Source of classification or shelving scheme Damaged status Not for loan Home library Current library Shelving location Date acquired Total Checkouts Barcode Date last seen Copy number Price effective from Koha item type
    Dewey Decimal Classification     London London Journal article 06/08/2002   119218-1001 06/08/2019 1 06/08/2019 Journal article